00297nam a2200109 a 4500008004100000050001900041100001800060245002400078246006700102260000900169350000900178120416s1976 xx |||||||||||||| || u aLB 2365.L4 Wil aWilkins, D. A10aNotation syllabuses aa taxonomy and its relevance to foreign curriculum development c1976 a0.00